| 000 | 00457nam a22001697a 4500 | ||
|---|---|---|---|
| 003 | 0 | ||
| 005 | 20241112143306.0 | ||
| 008 | 241112b xxu||||| |||| 00| 0 eng d | ||
| 020 | _a978-0-545-61063-6 | ||
| 082 |
_aFIC _bM346 2014 |
||
| 100 | _aMarko, Cyndi | ||
| 245 |
_aBok! bok! boom! _cCyndi Marko. |
||
| 260 |
_aNew York, NY : _bScholastic Inc., _cc2014. |
||
| 300 |
_a72 p. : _bcol. ill. ; _c20 cm. |
||
| 440 |
_aKung Pow Chicken ; _n2 |
||
| 942 |
_2ddc _cBK |
||
| 999 |
_c366692 _d366692 |
||